Cisco router OSPF : design and implementation guide /

Guardat en:
Dades bibliogràfiques
Autor principal: Parkhurst, William R.
Format: Llibre
Idioma:English
Publicat: New York : McGraw-Hill, 1998.
Matèries:
Etiquetes: Afegir etiqueta
Sense etiquetes, Sigues el primer a etiquetar aquest registre!
Thư viện lưu trữ: Mạng thư viện Đại học Đà Nẵng
LEADER 01103cam a2200397 i 4500
001 000045158
003 4286
005 20030225162641.0
008 010220|1998 vm 000 eng
020 |a 0070486263 
040 |a IRC  |c IRC  |d IRC 
041 0 |a eng 
082 1 4 |a 004.62  |b PA-W 
100 1 |a Parkhurst, William R. 
245 0 0 |a Cisco router OSPF :  |b design and implementation guide /  |c William R. Parkhurst. 
260 |a New York :  |b McGraw-Hill,  |c 1998. 
300 |a xii, 340p. :  |b ill. 
630 0 4 |a CISCO. 
630 0 4 |a OSPF. 
630 0 4 |a Cisco router. 
650 0 4 |a Routers (Computer networks) 
650 0 4 |a Computer network protocols. 
650 0 4 |a Packet switching (Data transmission) 
650 0 4 |a ICP/IP (Computer network protocols) 
650 0 4 |a Ethernet (Local area network system) 
650 0 4 |a Computer networks  |x Management. 
OWN |a DUT 
999 |a From the UDN01 
TYP |a Monograph 
TYP |a Printed language 
980 |a Mạng thư viện Đại học Đà Nẵng